00865nam a2200205 a 450000500170000000800410001704000250005804100080008304400070009108200200009811000520011824502060017026000760037630000660045265000340051865000440055265000260059665000240062266200130064620200104041507.0140219b1994 ck abd fr||||o00| 0 spa d aCO-BoIAVHcCO-BoIAVH0 aspa ack04a363.70561bP77p2 bColombia. Departamento Nacional de Planeación1 aPolítica nacional ambiental :bsalto social hacia el desarrollo humano sostenible /cRepública de Colombia Departamento Nacional de Planeación, Consejo Regional de Política Económica y Social aBogotá :bConsejo Regional de Política Económica y Social,c1994. a51 páginas :bIlustraciones, mapas, cuadros ; c27 x 22 cm. 6aPolítica Nacional Ambiental 4aPolítica Nacional AmbientalzColombia 6aDesarrollo sostenible 6aGestión ambiental aColombia